000 00734nmm a22002657a 4500
005 20200205183525.0
008 190117b xxu||||| |||| 00| 0 spa d
041 _aspa
082 _aGT 53
100 _aSegura Coto, Abel
_957444
100 _aMedina Barrios, Verónica
_957445
100 _aCampos Cantillo, Karen
_957446
100 _aMasís Redondo, Marylin
_957447
100 _aGuillén Solano, Jimena
_957448
245 _aMacrosistema del Cantón de San Ramón
260 _c2018
300 _a135 páginas
502 _a
650 _aCOSTA RICA
_957449
650 _aTURISMO
_9894
650 _aGEOGRAFÍA TURÍSTICA
_96732
650 _aCANTÓN DE SAN RAMÓN
_957450
650 _aALAJUELA
_94424
942 _cGT
999 _c12577
_d12577